| 000 | 01212cab a22002055a 4500 | ||
|---|---|---|---|
| 001 | L138633 | ||
| 008 | 070314e2007 xxk 000 0 eng d | ||
| 035 | _a(Sirsi) u138633 | ||
| 041 | _aeng | ||
| 110 | 2 |
_aHome Builders Federation _94896 |
|
| 245 |
_aHBF regional survey of house builders _bApril 2007 |
||
| 260 | _c2007 | ||
| 490 |
_aHousing Market Report _v(180) May 2007, 7-11(5) |
||
| 520 | _aFinds that trends in site visitors, net reservations, new home prices and use of sales incentives have been very steady in recent months. Higher interest rates have not dampened new home demand. Visitors were lower than a year ago for the fourth successive month. Net reservations were higher than a year previously for the third month in succession. Visitors fell modestly, but net reservations rose modestly. New home prices continued to rise quite strongly, with house builders making greater use of sales incentives. Housebuilders are optimistic about prospects for new home sales in 2007. Tables and graphs. | ||
| 590 | _aKA | ||
| 650 | 2 | 4 | _aHBF REGIONAL SURVEY OF HOUSE BUILDERS |
| 651 | 4 |
_aEngland and Wales _y1543- |
|
| 690 | _aPROPERTY-RESIDENTIAL PROPERTY-RESIDENTIAL PROPERTY MARKET | ||
| 942 | _n0 | ||
| 999 |
_c78939 _d78939 |
||